Loading...
| History - American | 0 | 4 | 0 | 3 | 40 | 89 | 103.75 | 0 | 0 | 0.00 | 0.00 |
| Science - Chemistry | 0 | 4 | 0 | 1 | 40 | 67 | 74.75 | 0 | 1 | 0.00 | 0.00 |
| Science - Biology | 0 | 4 | 1 | 1 | 35 | 21 | 59.50 | 1 | 2 | 0.00 | 0.00 |
| Science - Other | 0 | 4 | 2 | 0 | 30 | 30 | 51.00 | 3 | 3 | 0.00 | 0.00 |
| Religion | 0 | 1 | 0 | 0 | 10 | 72 | 72.00 | 0 | 0 | 0.00 | 0.00 |
| Science - Physics | 0 | 1 | 0 | 0 | 10 | 31 | 31.00 | 0 | 1 | 0.00 | 0.00 |
| History - Other | 0 | 1 | 0 | 0 | 10 | 89 | 89.00 | 0 | 0 | 0.00 | 0.00 |
| History - World | 0 | 1 | 0 | 0 | 10 | 96 | 96.00 | 0 | 0 | 0.00 | 0.00 |
| Literature - American | 0 | 1 | 0 | 0 | 10 | 114 | 114.00 | 0 | 0 | 0.00 | 0.00 |
| Fine Arts - Classical Music | 0 | 1 | 0 | 0 | 10 | 98 | 98.00 | 0 | 0 | 0.00 | 0.00 |
| Fine Arts - Other | 0 | 0 | 0 | 0 | 0 | 0.00 | 0 | 0 | 0.00 | 0.00 |